Vainqueurs de la Coupe du Monde par année - Statistiques

Statistiques générales
  • Ce quiz a été pris 58 fois
  • Le résultat moyen est 19 sur 22
Statistiques - réponses
Année Pays hôte(s) Vainqueur % Correct
2022 Qatar Argentine
94%
1998 France France
94%
2018 Russie France
94%
1930 Uruguay Uruguay
94%
2014 Brésil Allemagne
92%
1934 Italie Italie
92%
2010 Afrique du Sud Espagne
90%
2002 Japon et Corée du Sud Brésil
88%
2006 Allemagne Italie
88%
1966 Angleterre Angleterre
86%
1938 France Italie
86%
1982 Espagne Italie
86%
1954 Suisse Allemagne de l'Ouest
84%
1974 Allemagne de l'Ouest Allemagne de l'Ouest
84%
1978 Argentine Argentine
84%
1994 Etats-Unis Brésil
84%
1990 Italie Allemagne de l'Ouest
82%
1986 Mexique Argentine
82%
1958 Suède Brésil
82%
1962 Chili Brésil
82%
1970 Mexique Brésil
82%
1950 Brésil Uruguay
80%
Aucun quiz correspondant
Distribution des résultats
% des personnes avec chaque résultat
Percentile par nombre de réponses
Votre historique - résultats
Vous n’avez pas pris ce quiz